Statistiques concernant Quiz sur Sainte-Lucie

Cliquez ici pour prendre le quiz!

Statistiques générales

  • Ce quiz a été pris 2 868 fois
  • Le résultat moyen est 12 sur 18

Statistiques - réponses

QuestionRéponse% Correct
Mer qui borde Sainte-LucieMer des Caraïbes
93%
Religion la plus pratiquéeCatholicisme
91%
Département français situé juste au nord de Sainte-LucieMartinique
89%
Pays auquel Sainte-Lucie appartenait jusqu'en 1979Royaume-Uni
89%
Devise monétaireDollar
85%
Fruit qui représente 22% des exportations du paysBanane
79%
Celui-ci fait partie de ce groupe d'îlesPetites {Antilles}
77%
Pays qui se trouve directement au sud de Sainte-LucieSaint-Vincent-et-
les-Grenadines
74%
Le créole saint-lucien, qui est langue officielle avec l'anglais,
est principalement basé sur le lexique de cette langue
Français
72%
Roi de Sainte-Lucie, de jureCharles III
69%
Grâce à l'économiste Arthur Lewis et au poète Derek Walcott, Sainte-Lucie
a remporté le plus grand nombre de ce type de récompense par habitant
Prix Nobel
67%
Capitale et plus grande villeCastries
60%
Sainte-Lucie est le seul pays du monde à être nommé d'après...Une femme
57%
Sport le plus populaireCricket
56%
Sainte-Lucie est le seul pays des Amériques à s'être opposé (en 2008 et en
2011) à la déclaration des Nations Unies sur les droits de ces personnes
LGBT
52%
Les indigènes Arawak appelaient l'île Iouanalao, ce qui
signifierait littéralement « le pays des... » (un reptile)
Iguanes
46%
L'animal national du pays est une espèce endémique de ce type d'oiseauPerroquet
35%
Archipel auquel Sainte-Lucie appartientÎles du {Vent}
32%

Distribution des résultats

Percentile par nombre de réponses

% des personnes avec chaque résultat

Votre développement - résultats

Vous n’avez pas pris ce quiz